| 000 | 00476nam a2200133Ia 4500 | ||
|---|---|---|---|
| 008 | 221007s9999 xx 000 0 und d | ||
| 041 | _aeng | ||
| 082 | _bPAD | ||
| 100 |
_aPadhye Nikita U - 2k141080; Prof. Suvarna Dhamdhere - Guide & [Company Name] - Marutilifts( P.P.Products Pvt. Ltd.) _9103753 |
||
| 245 | _aIT Automation Of Office Operations in a Manufacturing Company | ||
| 260 |
_cSep-15 _bSavitribai Phule Pune University _aPune |
||
| 300 | _a60p | ||
| 906 | _bGeneral | ||
| 999 |
_c75086 _d75086 |
||